00809nam a2200193 a 4500008004100000020001500041050001600056100001700072245018700089260003500276300002300311350000900334650004200343650004700385650000900432700001700441710008800458710006900546120416s1996 ||||||||||||||||| || u a9290663103 aICRISAT(02) aManthe, C. S10aDrought-tolerant crops for Southern Africa : proceedings of the SADC/ICRISAT Regional Sorghum and Pearl Millet Workshop, 25-29 Jul. 1994, Gaborone, Botswana /cedited by K. Leuschner aAndhra PradeshbICRISATc1996. axiii, 358p. : ill. a0.00 aSORGHUM--AFRICA, SOUTHERN--CONGRESSES aPEARL MILLET--AFRICA, SOUTHERN--CONGRESSES aYAMS aLeuschner, K aSADC/ICRISAT Regional Sorghum and Pearl Millet Workshop (1994 : Gaborone, Botswana) aInternational Crops Research Institute for the Semi-arid Tropics